000 00609nam a2200241Ia 4500
005 20250425162043.0
008 250425s9999 xx 000 0 und d
020 _a0130649074
041 _aeng
082 _a384
100 _aDODD, EUGENIE
245 0 _aTHE ESSENTIAL GUIDE TO TELECOMMUNICATIONS
250 _a3RD ED.
260 _aEstados Unidos
_bPRENTICE HALL
_c2002
260 _aNEW YORK
300 _a500
650 _aSERVICIOS DE TELECOMUNICACIONES
650 _aSISTEMA DE COMUNICACION
650 _aTELECOMUNICACIONES
710 _aPRENTICE-HALL
942 _c01
010 _a44316
999 _c221413
_d221413